[Event "LSS No Engine Cup 193 Preliminary 0"]
[Site "LSS email"]
[Date "2019.09.09"]
[Round "?"]
[White "Martindale, Roger"]
[Black "Thomae, Eberhard"]
[Result "0-1"]
[WhiteElo "904"]
[BlackElo "1996"]
[PlyCount "38"]
[EventDate "2019.09.10"]
[EventType "tourn (corr)"]
[EventRounds "6"]
[EventCountry "GER"]
[SourceTitle "Corr 2022"]
[Source "ChessBase"]
[SourceDate "2021.10.24"]
[SourceVersion "1"]
[SourceVersionDate "2021.10.24"]
[SourceQuality "1"]

1. e4 e5 2. Nf3 Nc6 3. a3 Nf6 4. Nc3 d5 5. d4 dxe4 6. Nxe5 Qxd4 7. Qxd4 Nxd4 8. h3 Nxc2+ 9. Kd1 Nxa1 10. b4 Be6 11. Bc4 Rd8+ 12. Bd2 Bd6 13. Bxe6 Bxe5 14. Nb1 fxe6 15. g3 Nb3 16. Ke2 Ke7 17. Bf4 Bxf4 18. gxf4 Rd3 19. h4 Nh5 0-1

[Event "LSS No Engine Cup 190 Preliminary 0"]
[Site "LSS email"]
[Date "2019.05.19"]
[Round "?"]
[White "Nowak, Andrzej"]
[Black "Martindale, Roger"]
[Result "1-0"]
[WhiteElo "1856"]
[BlackElo "921"]
[PlyCount "47"]
[EventDate "2019.05.20"]
[EventType "tourn (corr)"]
[EventRounds "6"]
[EventCountry "GER"]
[SourceTitle "Corr 2022"]
[Source "ChessBase"]
[SourceDate "2021.10.24"]
[SourceVersion "1"]
[SourceVersionDate "2021.10.24"]
[SourceQuality "1"]

1. f4 f5 2. Nf3 Nf6 3. e3 c5 4. Be2 a6 5. 0-0 Nc6 6. b3 b5 7. c4 b4 8. Ne5 Nxe5 9. fxe5 Ne4 10. d3 Nc3 11. Nxc3 bxc3 12. Rxf5 g6 13. Rf1 e6 14. Qe1 Bb7 15. Qxc3 Qg5 16. Bf3 Bxf3 17. Rxf3 Bg7 18. d4 0-0-0 19. Qa5 Kb7 20. b4 cxd4 21. b5 axb5 22. Qxb5+ Kc7 23. Qc5+ Kb7 24. Rb1+ 1-0

[Event "SN-2019-0-00973"]
[Site "LSS email"]
[Date "2019.05.13"]
[Round "?"]
[White "Churyaev, Aleksej"]
[Black "Martindale, Roger"]
[Result "0-1"]
[WhiteElo "945"]
[BlackElo "508"]
[PlyCount "64"]
[EventDate "2019.04.19"]
[EventType "tourn (corr)"]
[EventRounds "6"]
[EventCountry "GER"]
[SourceTitle "Corr 2022"]
[Source "ChessBase"]
[SourceDate "2021.10.24"]
[SourceVersion "1"]
[SourceVersionDate "2021.10.24"]
[SourceQuality "1"]

1. Nf3 d5 2. e3 a5 3. a3 c6 4. b3 Nf6 5. h3 h6 6. Bb2 g6 7. d3 g5 8. Nbd2 Rh7 9. Be2 b5 10. c4 Ba6 11. Bxf6 exf6 12. d4 Nd7 13. e4 Bg7 14. exd5 c5 15. cxb5 Bb7 16. a4 Bxd5 17. Bc4 Qe7+ 18. Qe2 Qxe2+ 19. Kxe2 Bxc4+ 20. bxc4 f5 21. Nb3 0-0-0 22. dxc5 Bxa1 23. Rxa1 Re8+ 24. Kd3 Ne5+ 25. Nxe5 Rxe5 26. c6 f4 27. Nxa5 f5 28. Ra2 Re1 29. c5 Rd1+ 30. Ke2 Rd5 31. Nb3 Re7+ 32. Kf3 Rd3# 0-1

[Event "LSS No Engine Cup 187 Preliminary 0"]
[Site "LSS email"]
[Date "2019.02.11"]
[Round "?"]
[White "Koepcke, Klaus Peter"]
[Black "Martindale, Roger"]
[Result "1-0"]
[WhiteElo "1702"]
[BlackElo "939"]
[PlyCount "77"]
[EventDate "2019.02.12"]
[EventType "tourn (corr)"]
[EventRounds "6"]
[EventCountry "GER"]
[SourceTitle "Corr 2022"]
[Source "ChessBase"]
[SourceDate "2021.10.24"]
[SourceVersion "1"]
[SourceVersionDate "2021.10.24"]
[SourceQuality "1"]

1. d4 e6 2. c4 Nf6 3. Nc3 h6 4. e4 a6 5. f3 c5 6. d5 Bd6 7. Be3 0-0 8. Qd2 e5 9. Nh3 Bc7 10. Bxc5 d6 11. Be3 Nbd7 12. Nf2 Bb6 13. Bd3 Bxe3 14. Qxe3 Nh5 15. 0-0 Nf4 16. g3 Nxd3 17. Qxd3 Nc5 18. Qc2 Bd7 19. b4 Na4 20. Nxa4 a5 21. b5 f6 22. Nc3 Rc8 23. Ne2 Bxb5 24. Rfc1 Bxc4 25. Qb2 b6 26. Nc3 Rb8 27. Nb5 Rc8 28. Na7 Ba6 29. Nxc8 Bxc8 30. Rc6 a4 31. Qxb6 Qxb6 32. Rxb6 f5 33. Rxd6 f4 34. gxf4 exf4 35. Rc1 Bb7 36. Rc7 Rb8 37. Rg6 Bxd5 38. exd5 Rb1+ 39. Kg2 1-0

[Event "LSS No Engine Cup 187 Preliminary 0"]
[Site "LSS email"]
[Date "2019.02.11"]
[Round "?"]
[White "Martindale, Roger"]
[Black "Louro, Eugenio Diogo"]
[Result "0-1"]
[WhiteElo "939"]
[BlackElo "1939"]
[PlyCount "48"]
[EventDate "2019.02.12"]
[EventType "tourn (corr)"]
[EventRounds "6"]
[EventCountry "GER"]
[SourceTitle "Corr 2022"]
[Source "ChessBase"]
[SourceDate "2021.10.24"]
[SourceVersion "1"]
[SourceVersionDate "2021.10.24"]
[SourceQuality "1"]

1. e4 d6 2. h3 g6 3. d4 Bg7 4. Nf3 Nd7 5. c4 e5 6. d5 Ne7 7. Nc3 0-0 8. g4 a5 9. a4 Nc5 10. h4 Bxg4 11. Be2 f5 12. Ng5 Bxe2 13. Qxe2 h6 14. Ne6 Nxe6 15. dxe6 Rf6 16. exf5 Nxf5 17. Ne4 Rxe6 18. 0-0 Qxh4 19. Qf3 Nd4 20. Qh1 Ne2+ 21. Kg2 Qxe4+ 22. Kh3 Qf5+ 23. Kh2 Qh5+ 24. Kg2 Qg4+ 0-1

[Event "CP-2018-P-00020"]
[Site "LSS email"]
[Date "2018.09.27"]
[Round "?"]
[White "Lukashin, Alexandr"]
[Black "Martindale, Roger"]
[Result "1-0"]
[WhiteElo "1927"]
[BlackElo "508"]
[PlyCount "59"]
[EventDate "2018.10.01"]
[EventType "tourn (corr)"]
[EventRounds "6"]
[EventCountry "GER"]
[SourceTitle "Corr 2022"]
[Source "ChessBase"]
[SourceDate "2021.10.24"]
[SourceVersion "1"]
[SourceVersionDate "2021.10.24"]
[SourceQuality "1"]

1. e4 e5 2. Nf3 Nc6 3. Bb5 Nge7 4. Nc3 a6 5. Bc4 Ng6 6. 0-0 Bc5 7. Nd5 b5 8. Bb3 d6 9. c3 0-0 10. d4 Ba7 11. Ng5 Na5 12. Nxh7 Re8 13. Bg5 Nxb3 14. axb3 Qd7 15. Ndf6+ gxf6 16. Nxf6+ Kg7 17. Nxd7 Bxd7 18. Qf3 Nf4 19. dxe5 dxe5 20. Bxf4 exf4 21. Qxf4 Bb8 22. Qg5+ Kf8 23. Rad1 Be6 24. Qh6+ Ke7 25. Qh4+ Kf8 26. f4 Ba7+ 27. Kh1 Bc5 28. f5 Bxb3 29. f6 Bxd1 30. Qh8# 1-0

[Event "CP-2018-P-00020"]
[Site "LSS email"]
[Date "2018.09.27"]
[Round "?"]
[White "Martindale, Roger"]
[Black "Knoeppel, Bjoern"]
[Result "0-1"]
[WhiteElo "508"]
[BlackElo "2024"]
[PlyCount "36"]
[EventDate "2018.10.01"]
[EventType "tourn (corr)"]
[EventRounds "6"]
[EventCountry "GER"]
[SourceTitle "Corr 2022"]
[Source "ChessBase"]
[SourceDate "2021.10.24"]
[SourceVersion "1"]
[SourceVersionDate "2021.10.24"]
[SourceQuality "1"]

1. e4 e6 2. a3 c5 3. c4 Nc6 4. Nf3 Nf6 5. h3 Nxe4 6. Qe2 Ng5 7. h4 Nxf3+ 8. gxf3 Nd4 9. Qd3 d5 10. Bg2 e5 11. f4 Bf5 12. Qc3 exf4 13. Bxd5 Qe7+ 14. Kf1 Qe2+ 15. Kg1 0-0-0 16. Kg2 Rxd5 17. cxd5 f3+ 18. Kg3 Bd6# 0-1

[Event "ZN-2017-0-03678"]
[Site "LSS email"]
[Date "2017.11.15"]
[Round "?"]
[White "Simmons, Ernest"]
[Black "Martindale, Roger"]
[Result "1-0"]
[WhiteElo "776"]
[BlackElo "552"]
[PlyCount "87"]
[EventDate "2017.11.07"]
[EventType "match (corr)"]
[EventRounds "2"]
[EventCountry "GER"]
[SourceTitle "Corr 2022"]
[Source "ChessBase"]
[SourceDate "2021.10.24"]
[SourceVersion "1"]
[SourceVersionDate "2021.10.24"]
[SourceQuality "1"]

1. e4 e5 2. Nf3 d6 3. Be2 Nf6 4. h3 a6 5. 0-0 Be6 6. d3 h6 7. Nc3 Nc6 8. Be3 b5 9. a3 Ne7 10. d4 exd4 11. Nxd4 Bc4 12. Bxc4 bxc4 13. Qe2 c5 14. Nf3 Nc6 15. Qxc4 Qa5 16. Qe2 Rb8 17. Ra2 Be7 18. Bd2 0-0 19. Nd5 Qb5 20. Re1 Nd4 21. Nxe7+ Kh8 22. Nxd4 cxd4 23. Nf5 Qxe2 24. Rxe2 Rbd8 25. Nxd4 g6 26. Bxh6 Rfe8 27. Bg5 Kg7 28. Nc6 Rc8 29. Nd4 Rc4 30. c3 Nd5 31. Bd2 Kh7 32. Kf1 Nf6 33. f3 Nh5 34. Be1 d5 35. exd5 Nf6 36. d6 Nh5 37. Rxe8 Nf6 38. Ra8 Ra4 39. Ra7 Kg7 40. d7 Nxd7 41. Rxd7 Ra5 42. b4 Re5 43. Bg3 Re3 44. Rc2 1-0

[Event "CP-2017-P-00017"]
[Site "LSS email"]
[Date "2017.09.27"]
[Round "?"]
[White "Karasev, Aleksandr"]
[Black "Martindale, Roger"]
[Result "1-0"]
[WhiteElo "2015"]
[BlackElo "555"]
[PlyCount "39"]
[EventDate "2017.10.01"]
[EventType "tourn (corr)"]
[EventRounds "6"]
[EventCountry "GER"]
[SourceTitle "Corr 2022"]
[Source "ChessBase"]
[SourceDate "2021.10.24"]
[SourceVersion "1"]
[SourceVersionDate "2021.10.24"]
[SourceQuality "1"]

1. e4 e5 2. Nf3 Nc6 3. Bb5 Qe7 4. 0-0 a6 5. Ba4 Nf6 6. Re1 b5 7. Bb3 d6 8. a4 b4 9. a5 Nd4 10. Nxd4 exd4 11. d3 Bb7 12. Nd2 Nxe4 13. Ba4+ c6 14. Rxe4 Qxe4 15. Nxe4 Be7 16. Qg4 0-0 17. Bh6 g5 18. Qf5 Bc8 19. Nf6+ Bxf6 20. Qxf6 1-0

[Event "CP-2017-P-00017"]
[Site "LSS email"]
[Date "2017.09.27"]
[Round "?"]
[White "Martindale, Roger"]
[Black "Krueger, Hilmar"]
[Result "0-1"]
[WhiteElo "555"]
[BlackElo "2244"]
[PlyCount "30"]
[EventDate "2017.10.01"]
[EventType "tourn (corr)"]
[EventRounds "6"]
[EventCountry "GER"]
[SourceTitle "Corr 2022"]
[Source "ChessBase"]
[SourceDate "2021.10.24"]
[SourceVersion "1"]
[SourceVersionDate "2021.10.24"]
[SourceQuality "1"]

1. e4 c5 2. c4 Nc6 3. Nf3 e5 4. Nc3 d6 5. Nd5 Be7 6. Nxe7 Qxe7 7. h3 f5 8. Bd3 Nf6 9. a3 fxe4 10. Be2 exf3 11. Bxf3 e4 12. Qe2 Nd4 13. Qd1 exf3+ 14. Kf1 Qe4 15. d3 fxg2+ 0-1

[Event "CP-2017-P-00017"]
[Site "LSS email"]
[Date "2017.09.27"]
[Round "?"]
[White "Martindale, Roger"]
[Black "Pauk, Jozef"]
[Result "0-1"]
[WhiteElo "555"]
[BlackElo "755"]
[PlyCount "52"]
[EventDate "2017.10.01"]
[EventType "tourn (corr)"]
[EventRounds "6"]
[EventCountry "GER"]
[SourceTitle "Corr 2022"]
[Source "ChessBase"]
[SourceDate "2021.10.24"]
[SourceVersion "1"]
[SourceVersionDate "2021.10.24"]
[SourceQuality "1"]

1. e4 c5 2. c4 e5 3. Nf3 d6 4. h3 Nf6 5. Nc3 Nc6 6. d3 Nd4 7. Nd5 Nxd5 8. cxd5 h6 9. Nxd4 cxd4 10. a4 Be7 11. Be2 Bg5 12. Bg4 b6 13. g3 Qf6 14. h4 Bxc1 15. Qxc1 Bxg4 16. Qc6+ Ke7 17. Qc7+ Bd7 18. Rc1 Rac8 19. Qxd7+ Kxd7 20. Rxc8 Rxc8 21. 0-0 Rc2 22. b4 Qf3 23. a5 Qxd3 24. axb6 axb6 25. Ra1 Rc7 26. Ra6 Qxe4 0-1

[Event "LSS No Engine Cup 172 Preliminary 0"]
[Site "LSS email"]
[Date "2017.08.19"]
[Round "?"]
[White "Martindale, Roger"]
[Black "Verich, Oleg"]
[Result "0-1"]
[WhiteElo "982"]
[BlackElo "1425"]
[PlyCount "56"]
[EventDate "2017.08.20"]
[EventType "tourn (corr)"]
[EventRounds "6"]
[EventCountry "GER"]
[SourceTitle "Corr 2022"]
[Source "ChessBase"]
[SourceDate "2021.10.24"]
[SourceVersion "1"]
[SourceVersionDate "2021.10.24"]
[SourceQuality "1"]

1. e4 b6 2. d4 Bb7 3. Qf3 Nf6 4. Nc3 e6 5. Bg5 Be7 6. e5 Bxf3 7. Nxf3 Nd5 8. Nxd5 exd5 9. 0-0-0 Bxg5+ 10. Nd2 Nc6 11. c3 0-0 12. g3 a5 13. Bg2 Ne7 14. h4 Bxd2+ 15. Rxd2 d6 16. f4 Nf5 17. Bxd5 Rb8 18. g4 Ne3 19. Bb3 d5 20. Rd3 Nc4 21. Re1 b5 22. a4 bxa4 23. Bxa4 Nxb2 24. Rde3 Nxa4 25. e6 fxe6 26. h5 Qd6 27. Kd2 Qxf4 28. Rg1 Qf2+ 0-1

[Event "LSS No Engine Cup 172 Preliminary 0"]
[Site "LSS email"]
[Date "2017.08.19"]
[Round "?"]
[White "Stadler, Pavel"]
[Black "Martindale, Roger"]
[Result "1-0"]
[WhiteElo "1864"]
[BlackElo "982"]
[PlyCount "81"]
[EventDate "2017.08.20"]
[EventType "tourn (corr)"]
[EventRounds "6"]
[EventCountry "GER"]
[SourceTitle "Corr 2022"]
[Source "ChessBase"]
[SourceDate "2021.10.24"]
[SourceVersion "1"]
[SourceVersionDate "2021.10.24"]
[SourceQuality "1"]

1. e4 e5 2. Nf3 Qe7 3. Nc3 a6 4. Nd5 Qc5 5. d3 Nc6 6. Be3 Nd4 7. Bxd4 exd4 8. Be2 Qa5+ 9. Qd2 Qxd2+ 10. Kxd2 Kd8 11. Nxd4 Bc5 12. c3 c6 13. Ne3 d5 14. exd5 g6 15. dxc6 Ne7 16. cxb7 Bxb7 17. Nf3 f6 18. d4 Bb6 19. b4 Nd5 20. Nxd5 Bxd5 21. Rhe1 Bc7 22. c4 Bf4+ 23. Kc3 Rc8 24. c5 Ra8 25. Bc4 Bxc4 26. Kxc4 h5 27. a4 g5 28. g3 Bd6 29. cxd6 h4 30. b5 hxg3 31. hxg3 Kd7 32. Kd5 g4 33. Nd2 Rh5+ 34. Ke4 Rh2 35. Nc4 Rxf2 36. Nb6+ Kxd6 37. Nxa8 a5 38. Rac1 Kd7 39. Kd5 Rf5+ 40. Ke4 Ke6 41. Rc6+ 1-0

[Event "SN-2017-0-00872"]
[Site "LSS email"]
[Date "2017.08.09"]
[Round "?"]
[White "Lauer, Frederic"]
[Black "Martindale, Roger"]
[Result "1-0"]
[WhiteElo "1143"]
[BlackElo "585"]
[PlyCount "37"]
[EventDate "2017.07.16"]
[EventType "tourn (corr)"]
[EventRounds "6"]
[EventCountry "GER"]
[SourceTitle "Corr 2022"]
[Source "ChessBase"]
[SourceDate "2021.10.24"]
[SourceVersion "1"]
[SourceVersionDate "2021.10.24"]
[SourceQuality "1"]

1. e4 e5 2. Nf3 Qe7 3. b3 Nc6 4. Bb2 a6 5. Nc3 Nf6 6. Be2 h6 7. 0-0 b5 8. Nd5 Nxd5 9. exd5 Nb4 10. Nxe5 Nxd5 11. Bf3 Bb7 12. Ng6 fxg6 13. Re1 Qxe1+ 14. Qxe1+ Be7 15. Bxg7 Rh7 16. Bxd5 Bxd5 17. Qe5 Ra7 18. Qxd5 Rxg7 19. Qd4 1-0

[Event "SN-2017-0-00872"]
[Site "LSS email"]
[Date "2017.08.08"]
[Round "?"]
[White "Martindale, Roger"]
[Black "Hickl, Norbert"]
[Result "0-1"]
[WhiteElo "585"]
[BlackElo "1055"]
[PlyCount "42"]
[EventDate "2017.07.16"]
[EventType "tourn (corr)"]
[EventRounds "6"]
[EventCountry "GER"]
[SourceTitle "Corr 2022"]
[Source "ChessBase"]
[SourceDate "2021.10.24"]
[SourceVersion "1"]
[SourceVersionDate "2021.10.24"]
[SourceQuality "1"]

1. e4 e6 2. a3 d5 3. d3 c5 4. e5 Nc6 5. Nf3 Nge7 6. Nc3 Ng6 7. h3 Ncxe5 8. Ng5 Be7 9. Nf3 Bd7 10. d4 Nxf3+ 11. Qxf3 cxd4 12. Ne2 Bf6 13. Qd3 e5 14. Qb3 Bc6 15. g3 0-0 16. Bd2 Rc8 17. h4 Re8 18. Bh3 Rc7 19. 0-0-0 e4 20. Bf5 d3 21. cxd3 Ba4+ 0-1

[Event "LSS No Engine Cup 168 Preliminary 0"]
[Site "LSS email"]
[Date "2017.04.03"]
[Round "?"]
[White "Herzog, Matthias"]
[Black "Martindale, Roger"]
[Result "1-0"]
[WhiteElo "2156"]
[BlackElo "961"]
[PlyCount "47"]
[EventDate "2017.04.04"]
[EventType "tourn (corr)"]
[EventRounds "6"]
[EventCountry "GER"]
[SourceTitle "Corr 2022"]
[Source "ChessBase"]
[SourceDate "2021.10.24"]
[SourceVersion "1"]
[SourceVersionDate "2021.10.24"]
[SourceQuality "1"]

1. e4 e5 2. Nf3 d6 3. Bc4 h6 4. d4 Qe7 5. 0-0 Bd7 6. Nc3 a6 7. dxe5 dxe5 8. Nd5 Qc5 9. Nxe5 b5 10. Be3 Qd6 11. Nxf7 Kxf7 12. Qh5+ g6 13. Qf3+ Nf6 14. Nxf6+ bxc4 15. Nxd7+ Ke8 16. Rad1 Qc6 17. Nf6+ Kf7 18. Bd4 Nd7 19. Nxd7+ Ke8 20. Bxh8 Qxd7 21. Rxd7 Kxd7 22. Qf7+ Be7 23. Rd1+ Kc6 24. Qd5+ 1-0

[Event "LSS No Engine Cup 168 Preliminary 0"]
[Site "LSS email"]
[Date "2017.04.03"]
[Round "?"]
[White "Louro, Eugenio Diogo"]
[Black "Martindale, Roger"]
[Result "1-0"]
[WhiteElo "1892"]
[BlackElo "961"]
[PlyCount "47"]
[EventDate "2017.04.04"]
[EventType "tourn (corr)"]
[EventRounds "6"]
[EventCountry "GER"]
[SourceTitle "Corr 2022"]
[Source "ChessBase"]
[SourceDate "2021.10.24"]
[SourceVersion "1"]
[SourceVersionDate "2021.10.24"]
[SourceQuality "1"]

1. d4 d5 2. c4 Nf6 3. Nc3 h6 4. Bf4 a6 5. e3 e6 6. h3 Bd6 7. Bxd6 cxd6 8. Nf3 dxc4 9. Bxc4 b5 10. Bd3 d5 11. Rc1 Nc6 12. 0-0 0-0 13. Nxb5 Bb7 14. Nc3 Qc7 15. b4 Nxb4 16. Nxd5 Nfxd5 17. Rxc7 Nxc7 18. Ne5 Nxd3 19. Qxd3 a5 20. Rc1 Ba6 21. Qa3 Bc8 22. Rxc7 f6 23. Qe7 fxe5 24. Qxg7# 1-0

[Event "LSS No Engine Cup 168 Preliminary 0"]
[Site "LSS email"]
[Date "2017.04.03"]
[Round "?"]
[White "Martindale, Roger"]
[Black "Wilshusen, Horst"]
[Result "0-1"]
[WhiteElo "961"]
[BlackElo "1633"]
[PlyCount "66"]
[EventDate "2017.04.04"]
[EventType "tourn (corr)"]
[EventRounds "6"]
[EventCountry "GER"]
[SourceTitle "Corr 2022"]
[Source "ChessBase"]
[SourceDate "2021.10.24"]
[SourceVersion "1"]
[SourceVersionDate "2021.10.24"]
[SourceQuality "1"]

1. e4 d6 2. c4 g6 3. h3 Bg7 4. d4 Nf6 5. Nc3 0-0 6. Nf3 e5 7. d5 a5 8. b3 Na6 9. a3 Qe7 10. Be3 Bd7 11. Bd3 b6 12. a4 Rae8 13. 0-0 Nh5 14. g3 Bxh3 15. Nh4 Bxf1 16. Bxf1 Bf6 17. Qg4 Bxh4 18. gxh4 Kh8 19. Bg5 f6 20. Bh6 Rg8 21. Qe6 g5 22. Qxe7 Rxe7 23. Be2 Nf4 24. Kh2 Rg6 25. Bxg5 fxg5 26. Bg4 gxh4 27. f3 Reg7 28. Rg1 h5 29. Nd1 hxg4 30. fxg4 Rxg4 31. Rxg4 Rxg4 32. Kh1 Nc5 33. Nf2 Rg2 0-1

[Event "SN-2017-0-00837"]
[Site "LSS email"]
[Date "2017.03.18"]
[Round "?"]
[White "Martindale, Roger"]
[Black "Pliska, Miroslav"]
[Result "0-1"]
[WhiteElo "603"]
[BlackElo "1137"]
[PlyCount "54"]
[EventDate "2017.02.21"]
[EventType "tourn (corr)"]
[EventRounds "6"]
[EventCountry "GER"]
[SourceTitle "Corr 2022"]
[Source "ChessBase"]
[SourceDate "2021.10.24"]
[SourceVersion "1"]
[SourceVersionDate "2021.10.24"]
[SourceQuality "1"]

1. e4 Nf6 2. d3 e6 3. a3 c5 4. c4 Be7 5. Nf3 0-0 6. h3 b6 7. Nc3 Bb7 8. Be2 Nc6 9. 0-0 Nd4 10. Nxd4 cxd4 11. e5 Ne8 12. Ne4 Qc7 13. Nd6 Nxd6 14. exd6 Bxd6 15. b4 e5 16. Bf3 f5 17. Bxb7 Qxb7 18. Qe2 Rf6 19. Bg5 Rg6 20. f3 Rxg5 21. g4 fxg4 22. hxg4 Rf8 23. Kg2 Rxg4+ 24. Kh3 Rgf4 25. Qg2 R8f6 26. Qg3 Rh6+ 27. Kg2 Rg6 0-1

[Event "LSS No Engine Cup 165 Preliminary 0"]
[Site "LSS email"]
[Date "2017.01.09"]
[Round "?"]
[White "Martindale, Roger"]
[Black "Etchepareborda, Juan"]
[Result "1-0"]
[WhiteElo "951"]
[BlackElo "1396"]
[PlyCount "99"]
[EventDate "2017.01.10"]
[EventType "tourn (corr)"]
[EventRounds "6"]
[EventCountry "GER"]
[SourceTitle "Corr 2022"]
[Source "ChessBase"]
[SourceDate "2021.10.24"]
[SourceVersion "1"]
[SourceVersionDate "2021.10.24"]
[SourceQuality "1"]

1. e4 c5 2. c4 d6 3. Nc3 g6 4. Be2 Nc6 5. h3 Bg7 6. Nf3 Nf6 7. 0-0 0-0 8. d3 Bd7 9. a3 Nh5 10. g4 Nf4 11. Bxf4 a6 12. Qb3 Qc8 13. Rfd1 Nd4 14. Nxd4 Bxd4 15. Nd5 Qd8 16. Nb6 Be6 17. Be3 Bg7 18. Nxa8 Qxa8 19. Bd2 Bd7 20. Bc3 f6 21. d4 cxd4 22. Bxd4 Be6 23. Bf3 b5 24. e5 Qc8 25. Bd5 Bxd5 26. cxd5 dxe5 27. d6+ Kh8 28. dxe7 Re8 29. Rdc1 Qd7 30. Bc5 Bh6 31. Qf7 f5 32. Rd1 Qc8 33. b4 fxg4 34. hxg4 Qxg4+ 35. Kf1 Qh3+ 36. Ke1 Qh1+ 37. Ke2 Qe4+ 38. Be3 Qg4+ 39. f3 Qg2+ 40. Bf2 Rg8 41. e8Q Rxe8 42. Qxe8+ Kg7 43. Rd7+ Kf6 44. Qf7+ Kg5 45. Rg1 Qxg1 46. Bxg1 a5 47. Be3+ Kh5 48. Bxh6 Kxh6 49. Qxh7+ Kg5 50. bxa5 1-0